Industrial crystallization of melts

At the interface of chemical industry operations, equipment manufacturer input, and the scientific literature, Industrial Crystallization of Melts summarizes key theoretical concepts relating to crystalline matter and instationary heat transfer. The author examines benchscale testing, pastillation,...

Full description

Saved in:
Bibliographic Details
Main Author: Van't land, C. M.
Format: Book
Language:Undetermined
Published: New York Marcel Dekker 2005
Subjects:
Tags: Add Tag
No Tags, Be the first to tag this record!
Institutions: Trung tâm Học liệu Trường Đại học Cần Thơ
LEADER 01256nam a2200217Ia 4500
001 CTU_97180
008 210402s9999 xx 000 0 und d
020 |c 3270000 
082 |a 660.284298 
082 |b V282 
100 |a Van't land, C. M. 
245 0 |a Industrial crystallization of melts 
245 0 |c C. M. Van't land 
260 |a New York 
260 |b Marcel Dekker 
260 |c 2005 
520 |a At the interface of chemical industry operations, equipment manufacturer input, and the scientific literature, Industrial Crystallization of Melts summarizes key theoretical concepts relating to crystalline matter and instationary heat transfer. The author examines benchscale testing, pastillation, design methods for cooling belts as well as small-scale tests, design methods, and Preger's shortcut for drum flakers. The book also surveys the equipment available for specific processes and offers over 100 tested equations, as well as clear-cut methods for handling organic melts that call for special crystallization provisions. It also examines equipment and provides scale-ups and examples. 
650 |a Crystallization 
650 |x Industrial applications 
904 |i Truc 
980 |a Trung tâm Học liệu Trường Đại học Cần Thơ